History Quiz

Random History or Year Quiz

Historical Timeline Quiz Stats

 Plays Quiz Updated Jun 24, 2012

Challenge
Share
Tweet
Embed
Score 0/40 Timer 04:00
0 Plays Today
category event % Correct
WarsTrojan War (1194–1184 BC)
95.3%
WarsFirst Crusade (1095-1099)
93.9%
WarsWar of 1812 (1812-1815)
90.1%
WarsHundred Days (1815-1815)
89%
WarsWorld War I (1914-1918)
88.9%
WarsWorld War II (1939-1945)
88.7%
WarsKorean War (1950-1953)
88.3%
WarsVietnam War (1959-1975)
88.2%
WarsIran-Iraq War (1980-1988)
87.6%
WarsNATO War in Afghanistan (2001-present)
87.2%
U.S. PresidentsJohn Adams (1797-1801)
82.8%
U.S. PresidentsJohn Quincy Adams (1825-1829)
80.1%
U.S. PresidentsJohn Tyler (1841-1845)
76.1%
U.S. PresidentsFranklin Pierce (1853-1857)
74.3%
U.S. PresidentsChester A. Arthur (1881-1885)
72.8%
U.S. PresidentsGerald Ford (1974-1977)
72.4%
Time PeriodsOld Kingdom (3000 BC - 2000 BC)
72.1%
U.S. PresidentsLyndon B. Johnson (1963-1969)
71.9%
U.S. PresidentsBenjamin Harrison (1889-1893)
71.7%
U.S. PresidentsWilliam McKinley (1897-1901)
71.3%
category event % Correct
U.S. PresidentsWilliam Howard Taft (1909-1913)
71.1%
Time PeriodsShang Dynasty (1600 BC-1046 BC)
69.7%
Time PeriodsAncient Rome (509 BC-AD 476)
68.6%
Time PeriodsFeudalism (1000-1450)
65.5%
Time PeriodsRenaissance (1300-1700)
63.5%
AssassinationsArchimedes (212 BC)
60.3%
Time PeriodsNapoleonic Era (1799-1815)
58.9%
Time PeriodsRomantic Era (1850-1920)
58%
Time PeriodsMachine Age (1900-1945)
58%
Time PeriodsSpace Age (after 1957)
57.7%
Time PeriodsInformation Age (1970-circa 2025)
57.4%
AssassinationsJulius Caesar (44 BC)
56.8%
AssassinationsHenri III, King of France (1589)
52.9%
AssassinationsAbraham Lincoln (1865)
47.8%
AssassinationsFranz Ferdinand (1914)
45.1%
AssassinationsHuey P. Long (1935)
42.1%
AssassinationsJohn F. Kennedy (1963)
40.1%
AssassinationsMalcolm X (1965)
35.3%
AssassinationsMartin Luther King, Jr. (1968)
34%
AssassinationsHarvey Milk (1978)
33.6%

You're not logged in!

Compare scores with friends on all Sporcle quizzes.
Join for Free
OR
Log In

You Might Also Like...

Show Comments

Extras

Top Quizzes Today


Score Distribution

Your Account Isn't Verified!

In order to create a playlist on Sporcle, you need to verify the email address you used during registration. Go to your Sporcle Settings to finish the process.

Report this User

Report this user for behavior that violates our Community Guidelines.

Details: